书目信息 |
| 题名: |
Logistic回归中的交互效应
|
|
| 作者: | 杰卡德 著 ;缪佳 译 | |
| 分册: | ||
| 出版信息: | 上海 格致出版社 2019.10 |
|
| 页数: | 103页 | |
| 开本: | 22cm | |
| 丛书名: | 格致方法·定量研究系列 | |
| 单 册: | ||
| 中图分类: | O212.1 | |
| 科图分类: | ||
| 主题词: | 回归分析--hui gui fen xi | |
| 电子资源: | ||
| ISBN: | 978-7-5432-3050-7 | |
| 000 | 01372nam 2200277 450 | |
| 001 | 2063321044 | |
| 005 | 20201105173555.89 | |
| 010 | @a978-7-5432-3050-7@dCNY32.00 | |
| 100 | @a20191101d2019 em y0chiy50 ea | |
| 101 | 1 | @achi@ceng |
| 102 | @aCN@b310000 | |
| 105 | @aak a 000yy | |
| 200 | 1 | @aLogistic回归中的交互效应@ALogistic hui gui zhong de jiao hu xiao ying@f(美) 詹姆斯·杰卡德著@g缪佳译 |
| 210 | @a上海@c格致出版社@d2019.10 | |
| 215 | @a103页@c图@d22cm | |
| 225 | 2 | @a格致方法·定量研究系列@Age zhi fang fa · ding liang yan jiu xi lie@v45 |
| 306 | @a由SAGE Publications授权翻译出版 | |
| 320 | @a有书目 (第100-101页) | |
| 330 | @a本书是格致方法·定量研究系列之一种, 重点在于介绍如何在logistics回归中用乘积项来进行交互效应分析。作者首先回顾了如何用概率、发生比和对数发生比的形式解释logistics回归的结果, 然后介绍了双向交互效应和三向交互效应。之后, 作者进一步讨论了更复杂情况下交互效应的解释方法, 包括分类和连续变量的交互效应、两个连续变量的交互效应, 以及当因变量是多类别变量时的交互效应。最后, 作者使用SPSS统计软件对数据进行了多项式logistic回归, 并指导读者解释该回归中的交互效应问题。 | |
| 410 | 0 | @12001 @a格致方法·定量研究系列@v45 |
| 606 | 0 | @a回归分析@Ahui gui fen xi |
| 690 | @aO212.1@v5 | |
| 701 | 1 | @a杰卡德@Ajie ka de@g(Jaccard, James)@4著 |
| 702 | 0 | @a缪佳@Amou jia@4译 |
| 801 | 0 | @aCN@b人天书店@c20201001 |
| 905 | @aZUCC@dO212.1@eJ702 | |
| Logistic回归中的交互效应/(美) 詹姆斯·杰卡德著/缪佳译.-上海:格致出版社,2019.10 |
| 103页:图;22cm.-(格致方法·定量研究系列;45) |
| ISBN 978-7-5432-3050-7:CNY32.00 |
| 本书是格致方法·定量研究系列之一种, 重点在于介绍如何在logistics回归中用乘积项来进行交互效应分析。作者首先回顾了如何用概率、发生比和对数发生比的形式解释logistics回归的结果, 然后介绍了双向交互效应和三向交互效应。之后, 作者进一步讨论了更复杂情况下交互效应的解释方法, 包括分类和连续变量的交互效应、两个连续变量的交互效应, 以及当因变量是多类别变量时的交互效应。最后, 作者使用SPSS统计软件对数据进行了多项式logistic回归, 并指导读者解释该回归中的交互效应问题。 |
| ● |
| 相关链接 |
|
|
|
正题名:Logistic回归中的交互效应
索取号:O212.1/J702
 
预约/预借
| 序号 | 登录号 | 条形码 | 馆藏地/架位号 | 状态 | 备注 |
| 1 | 1480223 | 214802230 | 自科库401/401自科库 77排2列1层/ [索取号:O212.1/J702] | 在馆 | |
| 2 | 1480224 | 214802249 | 自科库401/401自科库 77排2列1层/ [索取号:O212.1/J702] | 在馆 |